00326nam a2200145Ia 4500008004100000041000800041100001000049245002900059260002800088300000900116520001200125520001500137650000900152999001900161230605s1987 xx 000 0 und d aeng aJay J aModern Food Microbiology bC.B.S.Publicationc1987 a642p aGeneral aHard Board aC.S. c419912d419912